=LDR 00000nam 2200000 4500 =001 INLIS000000000012810 =005 20130612104310 =008 ***********************************Ind** =035 ##$$0010-061300000012810 =041 ##$$a Ind =082 ##$$a 613.07 =090 ##$$a 613.07, Rat o =100 ##$$a Ratma =245 ##$$a Olah raga dan kesehatan =260 ##$$a 1978 $b Bandung =300 ##$$a 101 hlm., Ilus, 20 cm =650 ##$$a Olah raga dan kesehatan =850 ##$$a NBPNMAT